[Event "Dubai op 6th"]
[Site "Dubai"]
[Date "2004.04.25"]
[Round "7"]
[White "Al Modiahki, Mohamad"]
[Black "Iordachescu, Viorel"]
[Result "0-1"]
[WhiteElo "2579"]
[BlackElo "2627"]
[Annotator "Huzman,A"]
[PlyCount "62"]
[EventDate "2004.04.19"]
[EventType "swiss"]
[EventRounds "9"]
[EventCountry "UAE"]
[SourceTitle "CBM 101"]
[Source "ChessBase"]
[SourceDate "2004.07.27"]
[SourceVersion "1"]
[SourceVersionDate "2004.07.27"]
[SourceQuality "1"]

1. e4 e5 2. Nf3 Nf6 3. Nxe5 d6 4. Nf3 Nxe4 5. d4 d5 6. Bd3 Nc6 7. O-O Be7 8. c4
Nb4 9. Be2 Be6 10. c5 Nc6 (10... a5 11. Ne5 $1 $146 {[%mdl 44]} (11. Bf4 O-O
12. Nc3 g5 13. Bd2 Nc6 14. Bc1 f5 15. Ne1 b6 16. cxb6 cxb6 17. Nb5 Bf6 18. Nc2
Rc8 19. Re1 Qd7 {1/2-1/2 Socko,B-Motylev,A/Ohrid 2001/CBM 84 (19)}) (11. a3 Nc6
12. Bb5 O-O 13. Bxc6 bxc6 14. Ne5 Bf6 15. Bf4 Bd7 16. f3 Ng5 17. Nc3 Rb8 18.
Rf2 Ne6 19. Bg3 Re8 20. f4 Bxe5 21. fxe5 Qg5 22. Kh1 Rb7 23. Rd2 {1/2-1/2
Topalov,V-Ye Rongguang/Antwerp 1997/CBM 61 (23)}) 11... f6 12. Nd3 O-O 13. Nf4
$1 Bf7 14. Bg4 $1 g6 15. Ne6 Bxe6 16. Bxe6+ Kg7 17. a3 Nc6 18. Nc3 Re8 19. Nxd5
Bxc5 20. dxc5 Rxe6 21. Bf4 Ne5 22. Rc1 $16 {1/2-1/2 Nataf,I-Topalov,V/Cannes
2002/CBM 88/[Huzman] (33)}) (10... O-O 11. Qb3 a5 12. a3 Nc6 (12... Na6 13.
Qxb7 Naxc5 14. dxc5 Nxc5 15. Qc6 d4 16. Bf4 Ra7 $13 {1-0 Pane,A-Venni,A/4 CIM
1988 (39)}) 13. Qxb7 Bd7 14. Qb3 Bg4 15. Be3 Bf6 16. Qa4 Ne7 17. Nc3 $16 {
0-1 Ngo Dieu Hoa-Pham Le Thao Nguyen/Dong Thap VIE 2003/(56)}) (10... Bf6 11.
a3 Nc6 12. b4 Bg4 13. Bb2 O-O 14. Nbd2 Re8 15. h3 Nxd2 16. Qxd2 Bf5 $11 {
1/2-1/2 Zhigalko,A-Sakelsek,T/Halkidiki GRE 2003/(59)}) 11. Bb5 (11. Nc3 O-O
12. Bd3 Ng5 13. Nxg5 Bxg5 14. Be3 Bf6 15. h3 b6 {1/2-1/2 Acs,P-Koziak,V/
Lubniewice POL 2003/(15)}) 11... Bf6 (11... Bd7 12. Bxc6 Bxc6 13. Ne5 Bb5 14.
Re1 O-O 15. f3 Ng5 16. Nc3 $36 {1-0 Tredinnick,A-Evans,R/ENG-ch corr8990 1989/
CR97-89 (38)}) 12. Bxc6+ (12. Bf4 O-O 13. Bxc6 bxc6 14. Ne5 Qb8 15. Qc1 (15. b3
Bxe5 16. Bxe5 f6 17. Bf4 Bf5 18. Qc1 Qb4 19. Rd1 Rae8 $132) 15... Bxe5 16. Bxe5
f6 17. Bf4 Ng5 18. b3 h6 19. h4 (19. Qd2 $5 a5 20. f3 $14) 19... Nf7 20. Qe1
Qc8 21. Qa5 g5 $132 {0-1 Adams,M-Bacrot,E/Cap D'Agde FRA 2003/(64)}) 12... bxc6
13. Qa4 Bd7 (13... Qd7 14. Bf4 O-O 15. Ne5 Bxe5 16. Bxe5 f6 17. Bf4 $14) 14.
Bf4 O-O 15. Nc3 ({Only an immediate assault on the "c7" P could leave White
any chance for an advantage} 15. Qa5 $5 Qb8 16. b3 Qb7 17. Bxc7 Nxc5 $1 18. Bd6
Ne6 19. Bxf8 Nxd4 20. Nxd4 Bxd4 21. Bxg7 Bxg7 22. Nc3 Qb6 23. Qxb6 axb6 24.
Rac1 Bxc3 25. Rxc3 Rxa2 $14) 15... Rb8 $1 16. Qxa7 $6 (16. Qa3 Re8 17. Rfe1 Bf5
$11) 16... Rxb2 17. Na4 (17. Qa3 Rb7 18. Nxe4 dxe4 19. Ne5 Be6 20. Nxc6 (20.
Qe3 Bd5 $11) 20... Qd5 21. Qa6 Bc8 $11) 17... Rb4 {White's "d" P is weak, his
"a4" N feels uneasy, while black pieces are being rather active. All that
provides Black with a dangerous initiative} 18. Rab1 $2 {[%mdl 8192]} (18. a3
Rxd4 (18... Rc4 $5 19. Nb2 Rxd4 $1 20. Be3 (20. Nxd4 Bxd4 $17) 20... Rc4 21.
Nxc4 Bxa1 22. Rxa1 dxc4 23. Ne5 Re8 24. Nxc4 Be6 (24... Qf6 $5) 25. Qa4 Qd5 $11
) 19. Nxd4 Bxd4 20. Rad1 (20. Rab1 $2 Bxf2+ 21. Rxf2 Nxf2 22. Kxf2 Qh4+ 23. Bg3
Qd4+ $19) 20... Qf6 21. Qxc7 Bg4 22. Rxd4 Qxd4 23. Qxc6 Nxf2 $5 (23... Rc8 24.
Qb5) 24. Rxf2 Qd1+ 25. Rf1 Qd4+ 26. Kh1 Qc4 27. Rf2 Rc8 28. Qd6 Qxa4 29. Qxd5
Be6 $11) 18... Qb8 $1 $19 19. Qxb8 Rfxb8 20. Nb6 (20. Rb3 R8b5 21. Nb2 Rxb3 22.
axb3 Rxb3 23. Nd1 Bg4 $19) 20... Rxb1 21. Rxb1 Rb7 22. Bxc7 (22. a4 cxb6 23.
cxb6 (23. Rxb6 Bc8 $19) 23... Nc3 $19) 22... Rxc7 23. Nxd7 Rxd7 24. Rb8+ Rd8
25. Rxd8+ Bxd8 26. Ne5 Nc3 27. Nxc6 Bf6 28. Kf1 (28. a3 Ne2+ 29. Kf1 Nxd4 $19)
28... Nxa2 29. Ke2 Nc3+ 30. Kd3 Nb5 31. Nb4 Nc7 0-1

[Event "RUS-chT 11th"]
[Site "Sochi"]
[Date "2004.04.27"]
[Round "8.6"]
[White "Smirnov, Pavel"]
[Black "Motylev, Alexander"]
[Result "1/2-1/2"]
[WhiteElo "2601"]
[BlackElo "2649"]
[Annotator "Huzman,A"]
[PlyCount "65"]
[EventDate "2004.04.20"]
[EventType "team-tourn"]
[EventRounds "9"]
[EventCountry "RUS"]
[SourceTitle "EXT 2020"]
[Source "ChessBase"]
[SourceDate "2019.10.17"]
[SourceVersion "1"]
[SourceVersionDate "2019.10.17"]
[SourceQuality "1"]
[WhiteTeam "Tomsk 400"]
[BlackTeam "Ekaterinburg Max Ven"]
[WhiteTeamCountry "RUS"]
[BlackTeamCountry "RUS"]

1. e4 e5 2. Nf3 Nf6 3. Nxe5 d6 4. Nf3 Nxe4 5. d4 d5 6. Bd3 Bd6 7. O-O O-O 8. c4
c6 9. Qc2 Na6 10. a3 Bg4 11. Ne5 Bf5 12. Be3 (12. b4 Qh4 13. Nc3 Nc7 (13...
Nxc3 $5 14. Bxf5 Qxd4 $13) 14. Nf3 Qh5 15. Nxe4 dxe4 16. Bxe4 Bxe4 17. Qxe4
Rfe8 18. Qd3 Ne6 19. Be3 $16 {1/2-1/2 Shirov,A-Adams,M/Sarajevo 2000/CBM 77 
(40)}) 12... Nac5 $1 {Black brings in his only out-of-the-game piece, thus
getting rid of any opening problems} (12... f6 13. Nf3 Qe8 14. Nc3 Bg4 15. cxd5
cxd5 16. Nxe4 dxe4 17. Bxe4 Qh5 18. h3 Bxh3 19. gxh3 Qxh3 20. Bd5+ Kh8 21. Qe4
Nc7 22. Bxb7 Rab8 23. Bc6 g5 24. Ne5 fxe5 25. dxe5 Be7 26. Qg2 $16 {1-0 Leko,
P-Gelfand,B/Monte Carlo MNC 2004/(35)}) 13. dxc5 Bxe5 14. cxd5 (14. Nd2 Nxd2
15. Qxd2 Bxd3 16. Qxd3 Qh4 $17 {0-1 Gajewski,G-Mamedyarov,S/Halkidiki GRE 2003/
(41)}) 14... Qxd5 15. Nc3 Bxc3 16. bxc3 Rad8 17. Bd4 (17. Rad1 Nxc3 18. Qxc3
Bxd3 $17) 17... Nxc3 $1 18. Bxf5 Qxd4 19. Rac1 (19. Bxh7+ Kh8 20. Rac1 Qxc5 21.
Bf5 Ne2+ 22. Qxe2 Qxf5 $17) 19... g6 (19... Qxc5 20. Bh3 Qxa3 21. Qxc3 Qxc3 22.
Rxc3 Rfe8 23. Rb1 $14) 20. Qxc3 Qxc3 21. Rxc3 gxf5 $15 22. Rg3+ Kh8 23. Rb3 Rd7
24. g3 (24. Rfb1 Re8 (24... Rfd8 25. g3 Rd1+ 26. Rxd1 Rxd1+ 27. Kg2 Rd7 28. Kf3
Kg7 29. Kf4 Kg6 30. h4 $44) 25. g3 Ree7) 24... Re8 25. Rfb1 Ree7 26. Rf3 Re5
27. Rfb3 Kg7 28. Rxb7 Rxb7 29. Rxb7 a5 30. Ra7 Rxc5 31. Kf1 $44 {Black is a
pawn up, but his Ps are too weak to take any advantage of the fact} Kf6 32. Ke2
Ke6 33. Kd3 (33. Kd3 f4 34. g4 (34. gxf4 Rh5 35. Ke3 $15) 34... h5 35. gxh5
Rxh5 36. f3 $15) 1/2-1/2

[Event "ARM-ROW m"]
[Site "Moscow"]
[Date "2004.06.13"]
[Round "4"]
[White "Anand, Viswanathan"]
[Black "Gelfand, Boris"]
[Result "1/2-1/2"]
[WhiteElo "2774"]
[BlackElo "2714"]
[Annotator "Huzman,A"]
[PlyCount "60"]
[EventDate "2004.06.10"]
[EventType "team"]
[EventRounds "6"]
[EventCountry "RUS"]
[SourceTitle "CBM 102"]
[Source "ChessBase"]
[SourceDate "2004.09.23"]
[SourceVersion "1"]
[SourceVersionDate "2004.09.23"]
[SourceQuality "1"]
[WhiteTeam "Rest of the World"]
[BlackTeam "Armenia"]
[BlackTeamCountry "ARM"]

1. e4 e5 2. Nf3 Nf6 3. Nxe5 d6 4. Nf3 Nxe4 5. d4 d5 6. Bd3 Nc6 7. O-O Be7 8.
Re1 Bg4 9. c3 f5 10. Qb3 O-O 11. Nbd2 Na5 12. Qc2 Bd6 $146 13. b4 (13. Ne5 $5 {
Sveshnikov}) 13... Bxf3 $1 {This is an important intermediate move that
secures the square c4 for Na5.} 14. Nxf3 Nc4 {[%mdl 4]} 15. Bxc4 (15. Qb3 b5
$11) (15. a4 $5 a6 (15... Qf6 16. Qb3 Qf7 17. Ra2 $13) 16. a5 b5 $11) 15...
dxc4 16. Be3 (16. Ne5 $2 Bxe5 17. dxe5 Qd3 $1 18. Qxd3 cxd3 19. Bb2 Nd2 $1 $17)
16... Re8 (16... Qf6 17. Ne5 $5 Bxe5 18. dxe5 Qxe5 19. Bd4 $44) 17. Rad1 Qf6
18. Ne5 $1 {Sacrificing the pawn White gives life for his pieces and gets
compensation that is enough for equality.} Bxe5 (18... Rxe5 19. dxe5 Qxe5 20.
g3 Qxc3 21. Qa4 {[%cal Ga4d7]} c6 22. b5 a6 $5 23. b6 $1 $13) 19. dxe5 Qxe5 20.
Bd4 $44 Qb5 $1 (20... Qf4 $6 21. Qa4 $1 {[%cal Ga4d7]} Rad8 22. Qb5 Nd6 23.
Rxe8+ Rxe8 24. Qd7 $36) 21. a4 Qd7 (21... Qc6 22. f3 Nd6 23. Be5 Rad8 24. b5
Qc5+ 25. Bd4 Qa3 26. Qd2 $44 {[%cal Gd2g5]}) 22. Bxa7 Nd6 23. Rxe8+ Qxe8 24.
Bc5 Qxa4 (24... Ne4 $5 25. a5 (25. Qe2) (25. Bd4 Qxa4 26. Qe2 Qa2 $15) 25...
Nxc5 26. bxc5 Qe5 (26... Qe6 27. Qb1 Rxa5 28. Qxb7 Rxc5 29. Qa8+ Kf7 30. Qd8
Kg6 31. h4 h6 $15) 27. Qb1 Rxa5 28. Qxb7 h6 $15) 25. Qxa4 Rxa4 26. Bxd6 cxd6
27. Kf1 $11 Ra6 (27... Ra3 28. Rxd6 Rxc3 29. Rb6 $11) 28. Rd4 b5 29. Rd5 Ra3
30. Rxd6 Rxc3 1/2-1/2

[Event "Montreal-A 5th"]
[Site "Montreal"]
[Date "2004.08.13"]
[Round "9"]
[White "Lagno, Kateryna"]
[Black "Bluvshtein, Mark"]
[Result "0-1"]
[WhiteElo "2472"]
[BlackElo "2462"]
[Annotator "Huzman,A"]
[PlyCount "68"]
[EventDate "2004.08.04"]
[EventType "tourn"]
[EventRounds "11"]
[EventCountry "CAN"]
[EventCategory "12"]
[SourceTitle "CBM 103"]
[Source "ChessBase"]
[SourceDate "2004.11.11"]
[SourceVersion "1"]
[SourceVersionDate "2004.11.11"]
[SourceQuality "1"]

1. e4 e5 2. Nf3 Nf6 3. Nxe5 d6 4. Nf3 Nxe4 5. d4 d5 6. Bd3 Bd6 7. O-O O-O 8. c4
c6 9. Qc2 Na6 10. a3 Bg4 11. Ne5 Bf5 12. b4 f6 13. Nf3 Qe8 14. c5 Bb8 15. Nc3
Bg6 16. Nh4 f5 17. Nxg6 Qxg6 18. b5 (18. f3 Qh5 19. h3 Nxc3 20. Qxc3 Nc7 21.
Re1 Rf6 $1 22. Ra2 (22. Bf4 Ne6 23. Be5 Bxe5 24. Rxe5 Qh4 25. Bxf5 Qxd4+ 26.
Qxd4 Nxd4 $15) 22... Ne6 23. Rae2 Qg6 24. g4 Bg3 25. Rf1 Nf4 26. Bxf4 Bxf4 $11)
18... Nc7 19. bxc6 bxc6 20. Ne2 Ne6 21. f4 (21. Rb1 $5 Bc7 22. Rb7 Rf7 23. Qb1
Qh5 $132) 21... Bc7 22. Rb1 Qh6 23. Rb7 Rf7 {Black has prepared counterplay by
the move g5. White missed this and Black seizes the initiative.} 24. Be3 $2 {
[%mdl 16384]} (24. g3 Qf6 25. Qb2 (25. Kg2 Nxd4 26. Nxd4 Qxd4 27. Bb2 Qe3 28.
Bc1 Qd4 $11 (28... Qxc5 $4 29. Bxe4 $18)) 25... g5 26. fxg5 N6xg5 $13) 24... g5
$1 25. Rxc7 (25. Qb2 gxf4 26. Bc1 Qh4 {[%cal Yf4f3]} 27. h3 f3 $1 28. Rxf3 N6g5
$40 {/-+}) 25... Rxc7 26. fxg5 N6xg5 27. Bf4 $2 (27. Qc1 Qh4 (27... Qg6 28. Nf4
Qf7 29. Ne2 Ne6 30. Bxe4 dxe4 31. Ng3 Ng7 32. Nxe4 $44) 28. Rxf5 Rg7 29. Bxg5
Nxg5 30. Qe3 $44) 27... Rf7 28. Qc1 Qg6 $17 29. Kh1 Ne6 30. Be5 Re8 31. Qb2 f4
$1 32. Qc2 $2 (32. Qb1 Qg5 33. Bxe4 dxe4 34. Qxe4 Nxd4 35. Nxd4 Qxe5 36. Qxc6
Rc7 $17) 32... N6xc5 33. Nxf4 Nxd3 34. Qxd3 Rxf4 0-1

[Event "Bermuda"]
[Site "Bermuda"]
[Date "2004.01.23"]
[Round "8"]
[White "Gelfand, Boris"]
[Black "Iordachescu, Viorel"]
[Result "1/2-1/2"]
[WhiteElo "2709"]
[BlackElo "2634"]
[Annotator "Huzman,A"]
[PlyCount "81"]
[EventDate "2004.01.15"]
[EventType "tourn"]
[EventRounds "10"]
[EventCountry "BER"]
[EventCategory "16"]
[SourceTitle "CBM 099"]
[Source "ChessBase"]
[SourceDate "2004.03.30"]
[SourceVersion "1"]
[SourceVersionDate "2004.03.30"]
[SourceQuality "1"]

1. e4 e5 2. Nf3 Nf6 3. Nxe5 d6 4. Nf3 Nxe4 5. d4 d5 6. Bd3 Nc6 7. O-O Be7 8. c4
Nb4 9. Be2 O-O 10. Nc3 Be6 11. Ne5 f6 12. Nf3 Kh8 13. cxd5 Nxc3 14. bxc3 Nxd5
15. Bd2 (15. Bd3 c5 16. c4 Nb4 17. d5 Nxd3 18. Qxd3 Bd6 $1 19. Qb3 Bg4 20. h3
Bh5 21. a4 {1/2-1/2 Anand,V-Adams,M/Dortmund 2001/CBM 85/[Huzman] (21)}) 15...
Nb6 16. Re1 Bc4 17. Bxc4 (17. a4 $5 a5 18. Bxc4 Nxc4 19. Qb3 Nxd2 20. Nxd2 $16)
(17. Qb1 $5 Bxe2 18. Rxe2 Re8 19. Qb3 Bd6 20. Rae1 Rxe2 21. Rxe2 Qg8 $11) 17...
Nxc4 18. Qb3 Nxd2 19. Nxd2 $14 {White has good chances to get an advantage due
to the full control over file "e" and the weakness of square e6.} b6 20. Re2
Bd6 21. Rae1 Qd7 22. g3 $6 (22. Qe6 $5 Qc6 (22... Rad8 23. Nc4 $36 c5 $140 (
23... b5 24. Nxd6 Qxd6 25. Qxd6 Rxd6 26. Re7 Rc6 27. R1e3 $16) 24. Qxd7 Rxd7
25. Re6 Bf4 26. Re7 Rxe7 27. Rxe7 b5 28. Na5 $16) 23. Nc4 b5 24. Nxd6 cxd6 25.
Re3 $14) 22... Rae8 {Black has equal chances now as he neutralized the
pressure of White on the file "e".} 23. Ne4 Be7 24. Nd2 Bd6 25. Rxe8 Rxe8 26.
Rxe8+ Qxe8 27. Qd5 Qg8 $1 28. Qb7 Qxa2 29. Qa8+ Qg8 30. Qxa7 h5 (30... Qe8 $5
31. Qb7 b5 32. Ne4 Bf8 33. Qd5 c6 $11) 31. Qb7 Qe6 32. Qf3 g6 $11 33. Kg2 Kg7
34. h4 Be7 35. Qb7 Bd6 36. Qc6 Kf7 37. Nc4 Ke7 38. Ne3 Kf7 39. c4 f5 $1 $132
40. Qf3 (40. c5 bxc5 41. dxc5 Be5 $11) 40... Qe4 41. Qxe4 1/2-1/2

[Event "Montreal-A 5th"]
[Site "Montreal"]
[Date "2004.08.06"]
[Round "3"]
[White "Nataf, Igor Alexandre"]
[Black "Bluvshtein, Mark"]
[Result "1/2-1/2"]
[WhiteElo "2553"]
[BlackElo "2462"]
[Annotator "Huzman,A"]
[PlyCount "98"]
[EventDate "2004.08.04"]
[EventType "tourn"]
[EventRounds "11"]
[EventCountry "CAN"]
[EventCategory "12"]
[SourceTitle "CBM 103"]
[Source "ChessBase"]
[SourceDate "2004.11.11"]
[SourceVersion "1"]
[SourceVersionDate "2004.11.11"]
[SourceQuality "1"]

1. e4 e5 2. Nf3 Nf6 3. Nxe5 d6 4. Nf3 Nxe4 5. d4 d5 6. Bd3 Bd6 7. O-O O-O 8. c4
c6 9. Qc2 Na6 10. a3 Bg4 11. Ne5 Bf5 12. b4 (12. Be3 Nac5 $1 (12... f6 13. Nf3
Qe8 14. Nc3 Bg4 15. cxd5 cxd5 16. Nxe4 dxe4 17. Bxe4 Qh5 18. h3 Bxh3 19. gxh3
Qxh3 20. Bd5+ Kh8 21. Qe4 Nc7 22. Bxb7 Rab8 23. Bc6 g5 24. Ne5 fxe5 25. dxe5
Be7 26. Qg2 $16 {1-0 Leko,P-Gelfand,B/Monte Carlo MNC 2004/(35)}) 13. dxc5 Bxe5
14. Nd2 (14. cxd5 Qxd5 15. Nc3 Bxc3 16. bxc3 Rad8 17. Bd4 Nxc3 $1 18. Bxf5 Qxd4
19. Rac1 g6 20. Qxc3 Qxc3 21. Rxc3 gxf5 $15 {1/2-1/2 Smirnov,P-Motylev,A/Sochi
RUS 2004/(33)}) 14... Nxd2 15. Qxd2 Bxd3 16. Qxd3 Qh4 17. f4 dxc4 18. Qc2 Bf6
$17 {0-1 Gajewski,G-Mamedyarov,S/Halkidiki GRE 2003/(41)}) 12... f6 (12... Qh4
13. Nc3 Nc7 (13... Rae8 14. cxd5 Nxc3 15. Bxf5 Bxe5 16. dxe5 Nxd5 17. Bb2 Nac7
18. Rad1 Qh5 19. Rfe1 $16 {1-0 Sakai,K-Mary,P/Chessfriend.com 2003/Telechess
CBM 101 (43)}) 14. Nf3 Qh5 15. Nxe4 dxe4 16. Bxe4 Bxe4 17. Qxe4 Rfe8 18. Qd3
Ne6 19. Be3 $16 {1/2-1/2 Shirov,A-Adams,M/Sarajevo 2000/CBM 77/[Huzman] (40)})
13. Nf3 Qe8 14. c5 Bb8 15. Nc3 Bg6 16. Nh4 f5 17. Nxg6 Qxg6 18. Ne2 Nc7 19. f3
(19. Nf4 Qf6 20. Re1 g5 21. Ne2 Ne6 $11) 19... Ne6 $1 {[%mdl 36] Ne4 may not
leave! This gives Black time to consolidate his position.} 20. fxe4 (20. Be3
Qh5 21. h3 (21. g3 N4g5 22. Bxg5 Nxg5 23. f4 Ne4 $11) 21... Ng3 22. Nxg3 Bxg3
23. f4 Qh4 24. Bxf5 Rae8 $11) 20... fxe4 21. Rxf8+ Nxf8 (21... Kxf8 22. Bxe4
dxe4 23. Be3 $14 {[%csl Re4]}) 22. Bxe4 dxe4 23. Qc4+ (23. Nc3 Ne6 24. Be3 Bf4
$1 25. Bxf4 Nxf4 26. Nxe4 Nh3+ (26... Re8 27. Qb3+ Kh8 28. Ng3 Re2 29. Kh1 Rxg2
$13) 27. Kh1 Qxe4 28. Qb3+ Kh8 29. Qxh3 Qxd4 $11) (23. Bf4 Ne6 24. Bxb8 Rxb8
$11) 23... Kh8 (23... Qe6 24. Qxe6+ Nxe6 25. Be3 Nc7 26. Nc3 Nd5 $11) 24. Be3
$6 {White let the Black to blocade the pawn d4 and the advantage moves to
Black.} ({White could fight for an advantage after} 24. Bf4 $5 Ne6 (24... Bxf4
25. Nxf4 Qg4 26. Rf1 Rd8 27. d5 $14) (24... Nd7 25. Rf1 Nf6 26. Be5 Nd7 27. Rf7
Bxe5 28. Rxd7 Qg4 29. Rf7 (29. Rxb7 Bxh2+ $1 30. Kxh2 Qh4+ 31. Kg1 Qe1+ $11)
29... e3 $1 30. h3 Qe4 31. Qb3 Bf6 32. Rxb7 a6 $44) (24... Qe6 25. Qxe6 Nxe6
26. Be3 Bc7 (26... Nc7 27. Nc3 Nd5 28. Nxd5 cxd5 29. Rf1 Kg8 30. Rf5 $18) 27.
Nc3 Rd8 28. Rd1 $16) 25. Rf1 Bxf4 26. Nxf4 Nxf4 27. Rxf4 $14) 24... Nd7 25. Rf1
Nf6 $15 26. h3 Bc7 27. Bf4 Bxf4 28. Nxf4 Qe8 29. d5 $5 Qg8 30. Qd4 cxd5 31. b5
(31. Ne2 $5 Qe6 32. Qe3 $44 {[%cal Ge2d4]}) 31... Qe8 $6 (31... Rc8 $142) 32.
a4 (32. Nxd5 $5 Qd7 (32... Nxd5 33. Qxd5 Qxb5 34. Rf7 $11) 33. Rxf6 gxf6 34.
Qxf6+ Qg7 35. Qe6 Qd4+ 36. Kh2 Rd8 37. Ne3 $1 Rf8 38. Nd5 $44) 32... Qd7 33.
Rc1 (33. Rd1 Re8 $17 {[%cal Ye4e3]}) 33... Rc8 34. g4 $6 Qc7 35. Ng2 Nd7 (35...
h6 $5) 36. c6 Ne5 37. Qxd5 Nf3+ {Black failed to find the right order of moves
and White takes his chance to save the game.} (37... Rf8 $5 38. Qc5 Kg8 39.
Qd5+ Rf7 $17) 38. Kf2 Rf8 (38... Nh4 $5 39. Qxe4 $1 (39. Nxh4 Qf4+ 40. Ke2 Qxc1
$19) 39... Rf8+ 40. Ke2 Nxg2 41. Rf1 $1 (41. Qxg2 Qf4 $1 $40) 41... Nf4+ $140
$2 (41... Rd8 42. Rd1 Rf8 (42... Rb8 43. Rd7 Qg3 44. c7 Rg8 45. Rd8 $11) (42...
Nf4+ 43. Qxf4 $1 Qe7+ 44. Qe3 Qxe3+ 45. Kxe3 Rxd1 46. cxb7 Rd8 47. a5 $18) 43.
Rf1 $11) 42. Rxf4 $1 Qxf4 43. Qxf4 Rxf4 44. cxb7 $18 Rf8 45. a5 Kg8 46. a6 Kf7
47. b6) 39. Qc5 Kg8 40. Qd5+ Kh8 41. Qc5 Kg8 (41... Qf7 42. Qxf8+ $1 Qxf8 43.
cxb7 Nd4+ 44. Ke1 Nf3+ 45. Ke2 Ng1+ $11) 42. Qd5+ Rf7 43. cxb7 $1 Ng1+ (43...
Nd4+ $1 44. Ke3 Qxc1+ 45. Kxe4 (45. Kxd4 Qb2+ 46. Kc4 Qa2+ 47. Kd4 (47. Kc5
Qa3+) 47... Qxa4+ 48. Ke5 Qa1+ 49. Kxe4 Qb1+ 50. Ke3 Qc1+ 51. Ke4 Qc7 $19)
45... Qc2+ 46. Ke3 $1 Qf2+ 47. Kd3 Qe2+ 48. Kxd4 Qd2+ 49. Kc5 Qxd5+ 50. Kxd5
Rxb7 51. Ne3 Kf7 52. Nc4 Rd7+ 53. Kc6 Ke6 54. a5 Rd4 55. Kc5 Rd1 56. b6 axb6+
57. axb6 Kd7 $17) 44. Nf4 $3 $11 {[%mdl 320]} Qxf4+ 45. Kg2 Qf3+ 46. Kxg1 Qg3+
47. Kh1 Qxh3+ 48. Kg1 Qe3+ 49. Kg2 Qf3+ 1/2-1/2

[Event "Excelsior Cup"]
[Site "Gothenburg"]
[Date "2004.01.11"]
[Round "4"]
[White "Johannessen, Leif Erlend"]
[Black "Meijers, Viesturs"]
[Result "1-0"]
[WhiteElo "2500"]
[BlackElo "2499"]
[Annotator "Huzman,A"]
[PlyCount "47"]
[EventDate "2004.01.06"]
[EventType "tourn"]
[EventRounds "9"]
[EventCountry "SWE"]
[EventCategory "9"]
[SourceTitle "CBM 099"]
[Source "ChessBase"]
[SourceDate "2004.03.30"]
[SourceVersion "1"]
[SourceVersionDate "2004.03.30"]
[SourceQuality "1"]

1. e4 e5 2. Nf3 Nf6 3. Nxe5 d6 4. Nf3 Nxe4 5. d4 d5 6. Bd3 Bd6 7. O-O O-O 8. c4
c6 9. Qc2 Na6 10. a3 Bg4 11. Ne5 Bxe5 12. dxe5 Nac5 13. f3 Nxd3 14. Qxd3 Nc5
15. Qd4 Nb3 16. Qxg4 Nxa1 17. Bh6 Qb6+ $2 (17... g6 18. Bxf8 (18. cxd5 Re8 19.
Bg5 (19. Nc3 Qb6+ 20. Kh1 Qxb2 21. Ne4 Qxe5 22. Qh4 f5 23. Nf6+ Kf7 24. Nxe8
Rxe8 25. dxc6 bxc6 26. Qc4+ Re6 27. Qa2 {1-0 Perez Candelario,M-Rosa Cintas,R/
Mondariz Balneario 2002/CBM 90 ext (27)}) 19... Qb6+ 20. Kh1 Rxe5 21. Bf6 Qf2
22. Qc4 Re1 23. Nd2 Qxd2 24. Bc3 {0-1 Ismailov,O-Mamedyarov,S/Baku 2001/EXT
2002 (24)}) (18. Nc3 $5 Qb6+ (18... Nc2 19. Rf2 (19. e6 f5 20. Qf4 d4 21. Rd1
Qf6 22. Bxf8 Rxf8 23. Ne2 Qxe6 24. Nxd4 Qe3+ 25. Qxe3 Nxe3 $15 {0-1 Sedina,
E-Ionescu Brandis,I/Istanbul 2000/EXT 2001 (72)}) 19... Re8 20. Rxc2 Rxe5 21.
Qd4 f6 22. Bf4 Re6 23. cxd5 cxd5 24. Nxd5 Qa5 25. Bd2 Qd8 26. Bc3 Rc8 27. Rd2
Kf7 28. Qxa7 {1-0 Macieja,B-Mamedjarova,Z/Batumi 2002/CBM 90 (28)}) 19. Rf2 (
19. Kh1 $5) 19... Rfe8 20. Qf4 f5 $6 (20... Qc7 21. Re2 Re6 (21... Qe7 22. cxd5
cxd5 23. Nxd5 Qc5+ 24. Kf1 Re6 25. Nf6+ Kh8 26. Qh4 $18 {1-0 Tuttle,R-Lacunza,
M/IECG 2002/Telechess CBM 97 (33)}) 22. b4 dxc4 23. Ne4 Nb3 24. Nf6+ Kh8 25.
Bf8 Qb6+ 26. Re3 Rxe5 (26... c3 $1 $19) 27. Qxe5 $18 Qd4 28. Bh6 c3 29. Qxd4
Nxd4 30. Re7 Ne6 31. Rxf7 {1-0 Swathi,G-Mamedjarova,Z/Bled 2002/EXT 2003 (31)})
21. cxd5 Nb3 22. e6 cxd5 23. Nxd5 Qxe6 24. Nc7 Qc6 25. Nxe8 Rxe8 26. g4 $1 $14
{1/2-1/2 Shirov,A-Leko,P/Linares 2000/CBM 76/[Blatny,P] (71)}) 18... Qxf8 19.
cxd5 (19. Qd4 Nb3 20. Qe3 dxc4 21. Nc3 Qc5 $17 {0-1 Rowson,J-Ippolito,D/New
York 2002/EXT 2003 (23)}) (19. Qd7 Qc5+ 20. Kh1 Qxc4 21. Nd2 Qd4 22. e6 $11 {
1/2-1/2 Morais,G-Clarizza,J/ICCF 1995/ICCF tele 9/2002 (25)}) 19... Qc5+ (19...
cxd5 20. Qd4 (20. Rc1 Nb3 21. Rc7 Nc5 22. Nc3 Ne6 $132 {1/2-1/2 Maletin,
P-Karpov,A/Novosibirsk 2001/CBM 83 ext (31)}) (20. Nc3 Qc5+ 21. Kh1 Nc2 22. Qd7
d4 23. Qxb7 Rf8 24. Nd5 Ne3 25. Nxe3 dxe3 26. Qe4 Rb8 27. Re1 Rxb2 28. e6 f5
29. Qd3 Rd2 30. Qb3 Qb6 $11 {1/2-1/2 Brookes,J-Kubach,G/ICCF 1999/ICCF tele 1/
2002 (43)}) (20. e6 Nb3 21. Nc3 d4 22. Nd5 Qd6 23. Qg5 h6 24. Nf6+ Kg7 25. Nh5+
Kh7 26. Qf6 $1 $16 {1-0 Livshits,G-Seres,L/Budapest HUN 2004/The Week in Chess
484 (33)}) 20... Nc2 21. Qf2 Rc8 22. Qxa7 d4 $1 $44 {Ljubojevic-Hort,
Amsterdam 1988}) 20. Kh1 Qxd5 21. Nc3 Qb3 22. Qd7 Qxb2 23. e6 fxe6 24. Qxe6+
Kh8 25. Qe5+ Kg8 26. Rb1 $18 {1-0 Comp Genius 4 AMD-Comp Rebel 9 INTER/
Debrecen 1998/EXT 2000 (61)}) 18. Kh1 g6 19. Qf4 f6 (19... f5 20. Bxf8 Rxf8 21.
cxd5 cxd5 22. Nc3 $16 Qxb2 (22... d4 23. Nd5 Qb5 24. Ne7+ Kf7 25. Rxa1 Qxb2 26.
Rd1 Kxe7 27. Qh4+ $16) 23. Nxd5 Nc2 24. Nf6+ Kg7 25. Rd1 $40) 20. e6 Qxb2 (
20... Nc2 21. Nc3 dxc4 22. Ne4 $16) 21. Nd2 (21. Qc7 $1 f5 22. cxd5 Nc2 (22...
Rac8 23. Qd7 Rcd8 (23... cxd5 24. Bxf8 $18) 24. e7 $18) (22... cxd5 23. Nc3 $18
) 23. Bxf8 (23. Qd7 $5 $18) 23... Rxf8 24. d6 (24. e7 Re8 25. d6 Ne3 26. Rg1
Nd5) 24... Ne3 25. Rg1 Nd5 26. Qa5 $18) 21... Rfe8 $2 (21... Rfc8 22. Qd6 $1
Nc2 (22... Qd4 23. Qd7 f5 24. Qf7+ Kh8 25. e7 $18) (22... Kh8 23. Qe7 Rg8 (
23... f5 24. Qf7 $16) 24. Rb1 Qc3 25. cxd5 (25. Nf1) 25... cxd5 26. Nf1 b6 27.
Rc1 $18) 23. Qe7 f5 24. Qf7+ Kh8 25. Rb1 Qc3 (25... Qe5 26. f4 $18) 26. Rxb7) (
21... Rac8 22. Qd6 $1 $18) 22. Qc7 $1 f5 23. Qf7+ Kh8 24. e7 $1 (24. e7 Nc2 25.
Bg5 $18) 1-0